000 00847nam a22001937a 4500
005 20250108152354.0
010 _aHIN-129146
020 _a9789395540124
_c400.00
035 _aHN-101492
037 _bDBAD
082 _a230.91
100 _aश्रीवास्तव, राजेश
_976113
245 _aमेरी भारत यात्रा /
_cराजेश श्रीवास्तव
250 _aप्रथम
260 _aदिल्ली
_bप्रगतिशील प्रकाशन
_c2021
270 _a16, अंसारी रोड, शान्तिमोहन हाउस, दरियागंज
_bनई दिल्ली
_e110002
_k9211559886
300 _a143 पृ.
_c22 सेमी (सजिल्द)
942 _2ddc
_cHN
_h230.91
_mश्रीवास्त
999 _c208213
_d208213